[Event "Ruhrgebiet Verbandsklasse Gruppe 2 1415"]
[Site "Germany"]
[Date "2015.02.08"]
[Round "6.5"]
[White "Kalkhoff, Andreas"]
[Black "Kloetzel, Eric"]
[Result "1-0"]
[WhiteElo "1735"]
[BlackElo "1661"]
[PlyCount "113"]
[EventDate "2014.09.21"]
[EventType "team-tourn"]
[EventRounds "9"]
[EventCountry "GER"]
[SourceTitle "EXT 2022"]
[Source "ChessBase"]
[SourceDate "2021.10.06"]
[SourceVersion "1"]
[SourceVersionDate "2021.10.06"]
[SourceQuality "1"]
[WhiteTeam "Borbeck Weisse Dame II"]
[BlackTeam "Ahlen SV"]
[WhiteTeamCountry "GER"]
[BlackTeamCountry "GER"]

1. d4 d5 2. Nf3 Nf6 3. Bg5 e6 4. Nbd2 Be7 5. e3 Nbd7 6. Bd3 c5 7. c3 a6 8. a4 0-0 9. 0-0 h6 10. Bh4 Ne8 11. Bxe7 Qxe7 12. Ne5 Nxe5 13. dxe5 Nc7 14. f4 Bd7 15. Qf3 b5 16. a5 c4 17. Bc2 f5 18. exf6 Rxf6 19. Qg3 Ne8 20. e4 Qc5+ 21. Qf2 Qxf2+ 22. Rxf2 Nc7 23. e5 Rff8 24. g3 Rab8 25. b4 Rbd8 26. Nf3 Be8 27. Nd4 g6 28. g4 Rd7 29. Raf1 Rg7 30. Rg2 Bd7 31. Rg3 Rff7 32. Kg2 Re7 33. Re1 Ref7 34. Rf3 Rf8 35. h3 Rgf7 36. Ref1 Kg7 37. Kg3 Re8 38. R1f2 Rfe7 39. h4 Rh8 40. h5 g5 41. fxg5 hxg5 42. Rf6 Be8 43. Bg6 Rh6 44. Bxe8 Nxe8 45. Rf8 Nc7 46. R2f3 Rd7 47. Kf2 Re7 48. Ke3 Rh8 49. R8f6 Rg8 50. Rg6+ Kh7 51. Rff6 Rxg6 52. Rxg6 Kh8 53. Rxg5 Rg7 54. Nf3 Rxg5 55. Nxg5 Kg7 56. Kd4 Kh6 57. Nf3 1-0

[Event "Ruhrgebiet Verbandsklasse Gruppe 2 1415"]
[Site "Germany"]
[Date "2014.09.21"]
[Round "1.6"]
[White "Kloetzel, Eric"]
[Black "Paulsen, Thomas"]
[Result "1-0"]
[WhiteElo "1661"]
[BlackElo "1697"]
[PlyCount "115"]
[EventDate "2014.09.21"]
[EventType "team-tourn"]
[EventRounds "9"]
[EventCountry "GER"]
[SourceTitle "EXT 2022"]
[Source "ChessBase"]
[SourceDate "2021.10.06"]
[SourceVersion "1"]
[SourceVersionDate "2021.10.06"]
[SourceQuality "1"]
[WhiteTeam "Ahlen SV"]
[BlackTeam "Bochum SC an der Uni"]
[WhiteTeamCountry "GER"]
[BlackTeamCountry "GER"]

1. d4 d6 2. c4 Nf6 3. Nc3 g6 4. e4 Bg7 5. Nf3 0-0 6. Bd2 Nbd7 7. Qc1 e5 8. d5 Nc5 9. Qc2 a5 10. h3 Bd7 11. Be3 b6 12. Nd2 Ne8 13. g4 f5 14. gxf5 gxf5 15. Bxc5 bxc5 16. exf5 Bxf5 17. Bd3 Bxd3 18. Qxd3 Qf6 19. Nde4 Qh4 20. Qg3 Qxg3 21. fxg3 Bh6 22. Ke2 Nf6 23. Nxf6+ Rxf6 24. Nb5 Rf7 25. Rhf1 Rg7 26. g4 Bf4 27. Kd3 Kf8 28. Rae1 Rb8 29. b3 Rb7 30. Nc3 Re7 31. Ne2 Rf7 32. Nxf4 exf4 33. Rf3 Rb8 34. Re4 Re8 35. Rexf4 Rxf4 36. Rxf4+ Kg7 37. Re4 Rc8 38. Re6 Kf7 39. g5 Rg8 40. Rf6+ Ke7 41. h4 Kd8 42. Rh6 Rg7 43. Ke4 Rf7 44. Rf6 Re7+ 45. Kf5 Re5+ 46. Kf4 Re2 47. a4 Rb2 48. Rh6 Rf2+ 49. Kg4 Rf7 50. h5 Re7 51. Re6 Rf7 52. g6 hxg6 53. hxg6 Rf1 54. Kg5 Rg1+ 55. Kf6 Rf1+ 56. Kg7 Rf3 57. Rf6 Rxb3 58. Kf7 1-0

[Event "Ruhrgebiet Verbandsliga2 1213"]
[Site "Nordrheinwestfalen"]
[Date "2013.02.03"]
[Round "6.8"]
[White "Kloetzel, Eric"]
[Black "Pruefer, Wolfgang"]
[Result "0-1"]
[WhiteElo "1492"]
[BlackElo "1993"]
[PlyCount "66"]
[EventDate "2012.09.02"]
[EventType "team-tourn"]
[EventRounds "9"]
[EventCountry "GER"]
[SourceTitle "EXT 2020"]
[Source "ChessBase"]
[SourceDate "2019.10.17"]
[SourceVersion "1"]
[SourceVersionDate "2019.10.17"]
[SourceQuality "1"]
[WhiteTeam "Ahlen SV II"]
[BlackTeam "Oberhausen SV II"]
[WhiteTeamCountry "GER"]
[BlackTeamCountry "GER"]

1. d4 d5 2. Nf3 c6 3. Bf4 Bf5 4. e3 e6 5. Bd3 Bxd3 6. Qxd3 Bd6 7. Bxd6 Qxd6 8. c3 Nd7 9. Nbd2 f5 10. c4 Ngf6 11. a3 0-0 12. 0-0 Ne4 13. c5 Qc7 14. b4 g5 15. Ne1 Ndf6 16. Nxe4 dxe4 17. Qb3 Rae8 18. g3 Rf7 19. b5 h5 20. Kg2 h4 21. Rh1 f4 22. exf4 gxf4 23. gxh4 f3+ 24. Kf1 Ng4 25. Nc2 Nxh2+ 26. Ke1 cxb5 27. Kd2 Ng4 28. Rag1 Rg7 29. Qxb5 Qf4+ 30. Ne3 Ree7 31. Rf1 Nxe3 32. fxe3 Rg2+ 33. Kd1 Qxe3 0-1

[Event "GER-chT U12"]
[Site "Arendsee"]
[Date "2009.12.30"]
[Round "7.2"]
[White "Kloetzel, Eric"]
[Black "Dirks, Alexander"]
[Result "0-1"]
[WhiteElo "1190"]
[BlackElo "1107"]
[PlyCount "72"]
[EventDate "2009.12.27"]
[EventType "team-swiss"]
[EventRounds "7"]
[EventCountry "GER"]
[SourceTitle "EXT 2022"]
[Source "ChessBase"]
[SourceDate "2021.10.06"]
[SourceVersion "1"]
[SourceVersionDate "2021.10.06"]
[SourceQuality "1"]
[WhiteTeam "Ahlen SV U12"]
[BlackTeam "Widdern SC U12"]
[WhiteTeamCountry "GER"]
[BlackTeamCountry "GER"]

1. d4 d5 2. Nf3 Nf6 3. Bf4 Bf5 4. e3 e6 5. c3 c5 6. Bd3 Bxd3 7. Qxd3 c4 8. Qc2 Bd6 9. Be5 Bxe5 10. Nxe5 Nbd7 11. Nxd7 Qxd7 12. Nd2 0-0 13. 0-0-0 a5 14. h4 a4 15. a3 Rfe8 16. f4 Ng4 17. Rde1 Nf2 18. Nxc4 Nxh1 19. Nb6 Qc6 20. Nxa8 Ng3 21. Nb6 Qxb6 22. Qxa4 Qc6 23. Qc2 Nf5 24. Qf2 Rc8 25. g4 Ne7 26. h5 Qc4 27. Kc2 b5 28. f5 exf5 29. gxf5 Rc6 30. Qf4 h6 31. Qg4 Rf6 32. e4 dxe4 33. Qxe4 Nxf5 34. Qa8+ Kh7 35. Re8 Nxd4+ 36. Kd1 Qd3+ 0-1

[Event "GER-chT U12"]
[Site "Arendsee"]
[Date "2009.12.29"]
[Round "5.2"]
[White "Kloetzel, Eric"]
[Black "Ridder, David"]
[Result "1-0"]
[WhiteElo "1190"]
[BlackElo "1251"]
[PlyCount "117"]
[EventDate "2009.12.27"]
[EventType "team-swiss"]
[EventRounds "7"]
[EventCountry "GER"]
[SourceTitle "EXT 2022"]
[Source "ChessBase"]
[SourceDate "2021.10.06"]
[SourceVersion "1"]
[SourceVersionDate "2021.10.06"]
[SourceQuality "1"]
[WhiteTeam "Ahlen SV U12"]
[BlackTeam "Raesfeld Erle U12"]
[WhiteTeamCountry "GER"]
[BlackTeamCountry "GER"]

1. d4 d5 2. Nf3 e6 3. Bf4 b6 4. e3 Bb7 5. Be2 Nf6 6. c4 c5 7. Nc3 Bd6 8. Bg3 Bxg3 9. hxg3 0-0 10. Qc2 h6 11. 0-0-0 Ng4 12. Rdf1 dxc4 13. dxc5 Nd7 14. Bxc4 Nxc5 15. Rd1 Qe7 16. Rd2 f5 17. Nh4 Qf6 18. Rhd1 Kh8 19. Rd6 Rae8 20. Nf3 Ne5 21. Be2 Ne4 22. Nxe4 Bxe4 23. Qb3 Rc8+ 24. Kd2 Rc2+ 25. Ke1 Nxf3+ 26. gxf3 Rxb2 27. Qxe6 Qxe6 28. Rxe6 Bb1 29. a4 Rc8 30. Re7 Rcc2 31. Bd3 Rxf2 32. Rxb1 Rxb1+ 33. Bxb1 Rxf3 34. Rxa7 Rxe3+ 35. Kf2 Re5 36. Rb7 Ra5 37. Rxb6 Rxa4 38. Rb8+ Kh7 39. Bxf5+ g6 40. Rb7+ Kg8 41. Bxg6 Ra6 42. Bf7+ Kf8 43. Bh5 Rc6 44. g4 Rc5 45. Kf3 Kg8 46. Kf4 Kh8 47. Re7 Kg8 48. Re5 Rxe5 49. Kxe5 Kg7 50. Kf5 Kh7 51. Bg6+ Kg7 52. Be8 h5 53. g5 h4 54. g6 h3 55. Bc6 h2 56. Kg5 h1Q 57. Bxh1 Kh8 58. Kh6 Kg8 59. g7 1-0

[Event "GER-chT U12"]
[Site "Arendsee"]
[Date "2009.12.28"]
[Round "4.2"]
[White "Altstadt, Karl Simon"]
[Black "Kloetzel, Eric"]
[Result "1-0"]
[WhiteElo "1349"]
[BlackElo "1190"]
[PlyCount "61"]
[EventDate "2009.12.27"]
[EventType "team-swiss"]
[EventRounds "7"]
[EventCountry "GER"]
[SourceTitle "EXT 2022"]
[Source "ChessBase"]
[SourceDate "2021.10.06"]
[SourceVersion "1"]
[SourceVersionDate "2021.10.06"]
[SourceQuality "1"]
[WhiteTeam "Halle USV U12"]
[BlackTeam "Ahlen SV U12"]
[WhiteTeamCountry "GER"]
[BlackTeamCountry "GER"]

1. e4 d6 2. d4 Nf6 3. Nc3 g6 4. Bg5 Nbd7 5. Bc4 Bg7 6. Nf3 h6 7. Bf4 0-0 8. Qd2 Kh7 9. h3 c6 10. g4 h5 11. e5 Ne8 12. gxh5 Kg8 13. hxg6 d5 14. gxf7+ Kxf7 15. e6+ Kxe6 16. Ng5+ Kf6 17. Nh7+ Kf7 18. Nxf8 Nxf8 19. Be2 Kg8 20. Bh6 Qd6 21. Bxg7 Nxg7 22. 0-0-0 b5 23. Rdg1 b4 24. Na4 a5 25. h4 Kf7 26. h5 Bf5 27. h6 Nge6 28. Bd3 Nxd4 29. Bxf5 Nf3 30. Rg7+ Kf6 31. Qe3 1-0

[Event "GER-chT U12"]
[Site "Arendsee"]
[Date "2009.12.28"]
[Round "3.2"]
[White "Kloetzel, Eric"]
[Black "Basaran, Mehmet"]
[Result "1/2-1/2"]
[WhiteElo "1190"]
[BlackElo "1106"]
[PlyCount "92"]
[EventDate "2009.12.27"]
[EventType "team-swiss"]
[EventRounds "7"]
[EventCountry "GER"]
[SourceTitle "EXT 2022"]
[Source "ChessBase"]
[SourceDate "2021.10.06"]
[SourceVersion "1"]
[SourceVersionDate "2021.10.06"]
[SourceQuality "1"]
[WhiteTeam "Ahlen SV U12"]
[BlackTeam "Unterkochen U12"]
[WhiteTeamCountry "GER"]
[BlackTeamCountry "GER"]

1. d4 Nf6 2. c4 g6 3. Nc3 Bg7 4. Nf3 0-0 5. e4 d6 6. Bg5 h6 7. Bh4 g5 8. Bg3 Nh5 9. Be2 f5 10. exf5 Bxf5 11. Bd3 Bg4 12. d5 Nd7 13. Qe2 Nxg3 14. hxg3 Ne5 15. Be4 Rf6 16. Nb5 a6 17. Nbd4 Qd7 18. Qc2 Bxf3 19. Nxf3 Nxf3+ 20. Bxf3 c6 21. Qe4 cxd5 22. Qxd5+ Qe6+ 23. Qxe6+ Rxe6+ 24. Kf1 Kh7 25. Bxb7 Bxb2 26. Rb1 Rb8 27. Rxb2 Kg7 28. Rb3 Re5 29. Bxa6 Rxb3 30. axb3 Ra5 31. Ke2 Rxa6 32. Rb1 Rb6 33. Kd3 Kf6 34. Ke4 Ke6 35. b4 h5 36. f4 gxf4 37. gxf4 Kf6 38. g3 e6 39. b5 Kg6 40. Ra1 d5+ 41. cxd5 exd5+ 42. Kxd5 Rxb5+ 43. Ke4 Rb3 44. Rg1 Kf6 45. g4 hxg4 46. Rxg4 Rb4+ 1/2-1/2

[Event "GER-chT U12"]
[Site "Arendsee"]
[Date "2009.12.27"]
[Round "1.2"]
[White "Kloetzel, Eric"]
[Black "Thamm, Merlin Jannes"]
[Result "1/2-1/2"]
[WhiteElo "1190"]
[BlackElo "1546"]
[PlyCount "80"]
[EventDate "2009.12.27"]
[EventType "team-swiss"]
[EventRounds "7"]
[EventCountry "GER"]
[SourceTitle "EXT 2022"]
[Source "ChessBase"]
[SourceDate "2021.10.06"]
[SourceVersion "1"]
[SourceVersionDate "2021.10.06"]
[SourceQuality "1"]
[WhiteTeam "Ahlen SV U12"]
[BlackTeam "Dresden USV TU U12"]
[WhiteTeamCountry "GER"]
[BlackTeamCountry "GER"]

1. d4 d5 2. Nf3 Bf5 3. Bf4 Nf6 4. e3 e6 5. c4 dxc4 6. Bxc4 Bd6 7. Bg3 0-0 8. Nc3 Bxg3 9. fxg3 Nbd7 10. 0-0 Nb6 11. Bd3 Bg4 12. Qc2 c6 13. Ne5 Bh5 14. h3 Nbd5 15. Nxd5 cxd5 16. g4 Bg6 17. Nxg6 hxg6 18. g5 Rc8 19. Qe2 Ne4 20. Bxe4 dxe4 21. h4 Rc6 22. Rac1 Qd5 23. Rxc6 Qxc6 24. g4 Qd5 25. b3 Rc8 26. Qg2 e5 27. Rd1 Rc3 28. Qd2 Rd3 29. Qe2 Rxd1+ 30. Qxd1 exd4 31. Qxd4 Qe6 32. Qd1 Qe5 33. Qe1 Qb2 34. Qf2 Qc1+ 35. Kg2 Qd1 36. Kg3 a5 37. h5 gxh5 38. gxh5 Qxh5 39. Qf5 b6 40. Qc8+ Kh7 1/2-1/2

[Event "GER-chT U12"]
[Site "Arendsee"]
[Date "2009.12.27"]
[Round "2.2"]
[White "Tesch, Davy"]
[Black "Kloetzel, Eric"]
[Result "1-0"]
[WhiteElo "1303"]
[BlackElo "1190"]
[PlyCount "105"]
[EventDate "2009.12.27"]
[EventType "team-swiss"]
[EventRounds "7"]
[EventCountry "GER"]
[SourceTitle "EXT 2022"]
[Source "ChessBase"]
[SourceDate "2021.10.06"]
[SourceVersion "1"]
[SourceVersionDate "2021.10.06"]
[SourceQuality "1"]
[WhiteTeam "Eberswalde U12"]
[BlackTeam "Ahlen SV U12"]
[WhiteTeamCountry "GER"]
[BlackTeamCountry "GER"]

1. d4 d6 2. Nf3 Nf6 3. e3 g6 4. Bd3 Bg7 5. 0-0 c6 6. Nbd2 b5 7. e4 0-0 8. c3 a5 9. e5 Ne8 10. exd6 Nxd6 11. Ne4 f5 12. Nc5 Na6 13. Nxa6 Bxa6 14. Re1 Re8 15. Qe2 Qb6 16. Ne5 Bc8 17. Bf4 Nf7 18. Nxf7 Kxf7 19. Be5 c5 20. dxc5 Qxc5 21. Bxg7 Kxg7 22. Bxb5 Rf8 23. Qxe7+ Qxe7 24. Rxe7+ Kh6 25. Bc4 Rb8 26. b3 Rd8 27. Rae1 Bd7 28. h3 Ra8 29. Rd1 Bc6 30. Rxd8 Rxd8 31. Re5 a4 32. Bb5 axb3 33. axb3 Rd5 34. Rxd5 Bxd5 35. c4 Ba8 36. c5 Kg7 37. c6 Kf6 38. c7 Bb7 39. Bd7 Ke5 40. c8Q Bxc8 41. Bxc8 Kd4 42. Kh2 h5 43. Be6 Ke5 44. Bc4 Kd4 45. Kg3 g5 46. f4 g4 47. hxg4 hxg4 48. Be6 Kc3 49. Bxf5 Kxb3 50. Bxg4 Kc4 51. f5 Kd5 52. Kf4 Kd6 53. f6 1-0